书目信息 |
| 题名: |
大学计算机基础上机指导与习题解答
|
|
| 作者: | 安志远 主编 | |
| 分册: | ||
| 出版信息: | 北京 人民邮电出版社 2006.08 |
|
| 页数: | 160页 | |
| 开本: | 26cm | |
| 丛书名: | 21世纪高等职业学校计算机基础课程系列教材 | |
| 单 册: | ||
| 中图分类: | TP3 | |
| 科图分类: | ||
| 主题词: | 窗口软件--chuang kou ruan jian--高等院校--教学参考资料 | |
| 电子资源: | ||
| ISBN: | 7-115-14878-3 | |
| 000 | 01165nam 2200253 450 | |
| 001 | 012006537371 | |
| 005 | 20070531085639.00 | |
| 010 | @a7-115-14878-3@dCNY15.00 | |
| 100 | @a20061223d2006 km y0chiy0120 ea | |
| 101 | 0 | @achi |
| 102 | @aCN@b110000 | |
| 105 | @aa z 000yy | |
| 200 | 1 | @a大学计算机基础上机指导与习题解答@Ada xue ji suan ji ji chu shang ji zhi dao yu xi ti jie da@eWindows 2000 + Office 2000@f安志远主编@Fan zhi yuan zhu bian |
| 210 | @a北京@c人民邮电出版社@d2006.08 | |
| 215 | @a160页@c图@d26cm | |
| 225 | 2 | @a21世纪高等职业学校计算机基础课程系列教材@A21 shi ji gao deng zhi ye xue xiao ji suan ji ji chu ke cheng xi lie jiao cai |
| 330 | @a本书介绍了中文Windows 2000操作系统、计算机网络基础与Internet应用、中文文字处理软件Word 2000、中文电子表格制作软件Excel 2000、演示文稿制作软件PowerPoint 2000以及网页制作软件FrontPage 2000的基本知识与运用。 | |
| 410 | 0 | @12001 @a21世纪高等职业学校计算机基础课程系列教材 |
| 517 | 1 | @aWindows 2000 + Office 2000 |
| 606 | 0 | @a窗口软件@Achuang kou ruan jian@x高等院校@j教学参考资料 |
| 690 | @aTP3@v4 | |
| 701 | 0 | @a安志远@Aan zhi yuan@4主编 |
| 801 | 0 | @aCN@c20070531 |
| 905 | @b233857-59@dTP3@eA709 | |
| 大学计算机基础上机指导与习题解答:Windows 2000 + Office 2000/安志远主编.-北京:人民邮电出版社,2006.08 |
| 160页:图;26cm.-(21世纪高等职业学校计算机基础课程系列教材) |
| ISBN 7-115-14878-3:CNY15.00 |
| 本书介绍了中文Windows 2000操作系统、计算机网络基础与Internet应用、中文文字处理软件Word 2000、中文电子表格制作软件Excel 2000、演示文稿制作软件PowerPoint 2000以及网页制作软件FrontPage 2000的基本知识与运用。 |
| ● |
| 相关链接 |
|
|
|
正题名:大学计算机基础上机指导与习题解答
索取号:TP3/A709
 
预约/预借
| 序号 | 登录号 | 条形码 | 馆藏地/架位号 | 状态 | 备注 |
| 1 | 233857 | 202338577 | 自科库301/301自科库 43排3列5层/ [索取号:TP3/A709] | 在馆 | |
| 2 | 233858 | 202338586 | 自科库301/301自科库 43排3列5层/ [索取号:TP3/A709] | 在馆 | |
| 3 | 233859 | 202338595 | 自科二线404/404自科库 13排1列5层/ [索取号:TP3/A709] | 在馆 |